000 00292nam a22001097a 4500
008 170111b xxu||||| |||| 00| 0 eng d
020 _a9780323012164
041 _aeng
080 _22ND
_a618.2
245 _aMATERNAL-CHILD NURSING
_cROLLANT, P.D & HAMLIN, J.J & PIOTROWSKI, K.A
942 _2udc
_cBK
999 _c2705
_d2705